<?xml version="1.0" encoding="UTF-8"?>
<record
    xmlns:xsi="http://www.w3.org/2001/XMLSchema-instance"
    xsi:schemaLocation="http://www.loc.gov/MARC21/slim http://www.loc.gov/standards/marcxml/schema/MARC21slim.xsd"
    xmlns="http://www.loc.gov/MARC21/slim">

  <leader>01955    a2200253   4500</leader>
  <controlfield tag="001">2162214035926813</controlfield>
  <controlfield tag="003">UA-OsUOA</controlfield>
  <controlfield tag="005">20260508154944.0</controlfield>
  <controlfield tag="008">260508b        un abo|| |||| 00| 0dukr d</controlfield>
  <datafield tag="020" ind1=" " ind2=" ">
    <subfield code="a">9667304051</subfield>
  </datafield>
  <datafield tag="040" ind1=" " ind2=" ">
    <subfield code="a">UA-OsUOA</subfield>
    <subfield code="b">ukr</subfield>
    <subfield code="c">UA-OsUOA</subfield>
    <subfield code="d">UA-OsUOA</subfield>
  </datafield>
  <datafield tag="041" ind1=" " ind2=" ">
    <subfield code="a">ukr</subfield>
  </datafield>
  <datafield tag="080" ind1=" " ind2=" ">
    <subfield code="a">94(477):929</subfield>
  </datafield>
  <datafield tag="090" ind1=" " ind2=" ">
    <subfield code="a">94(477):929</subfield>
    <subfield code="b">&#x421;45</subfield>
  </datafield>
  <datafield tag="100" ind1=" " ind2=" ">
    <subfield code="a">&#x421;&#x43A;&#x440;&#x438;&#x43F;&#x43D;&#x438;&#x43A; &#x406;.</subfield>
    <subfield code="9">25203</subfield>
  </datafield>
  <datafield tag="245" ind1=" " ind2=" ">
    <subfield code="a">&#x41B;&#x435;&#x433;&#x435;&#x43D;&#x434;&#x430; &#x43F;&#x440;&#x43E; &#x433;&#x435;&#x442;&#x44C;&#x43C;&#x430;&#x43D;&#x430;</subfield>
    <subfield code="b">&#x406;&#x432;&#x430;&#x43D; &#x412;&#x438;&#x433;&#x43E;&#x432;&#x441;&#x44C;&#x43A;&#x438;&#x439;: &#x432;&#x456;&#x434; &#x41A;&#x43E;&#x43D;&#x43E;&#x442;&#x43E;&#x43F;&#x430; &#x434;&#x43E; &#x421;&#x43A;&#x438;&#x442;&#x443; &#x41C;&#x438;&#x43D;&#x44F;&#x432;&#x441;&#x44C;&#x43A;&#x43E;&#x433;&#x43E;</subfield>
  </datafield>
  <datafield tag="260" ind1=" " ind2=" ">
    <subfield code="a">&#x406;&#x432;&#x430;&#x43D;&#x43E;-&#x424;&#x440;&#x430;&#x43D;&#x43A;&#x456;&#x432;&#x441;&#x44C;&#x43A;</subfield>
    <subfield code="b">&#x422;&#x41E;&#x412; "&#x421;&#x406;&#x412;&#x415;&#x420;&#x421;&#x406;&#x42F; &#x41B;&#x442;&#x434;"</subfield>
    <subfield code="c">1997</subfield>
  </datafield>
  <datafield tag="300" ind1=" " ind2=" ">
    <subfield code="a">176 &#x441;.</subfield>
  </datafield>
  <datafield tag="520" ind1=" " ind2=" ">
    <subfield code="a">&#x423; &#x43A;&#x43D;&#x438;&#x437;&#x456; "&#x41B;&#x435;&#x433;&#x435;&#x43D;&#x434;&#x430; &#x43F;&#x440;&#x43E; &#x433;&#x435;&#x442;&#x44C;&#x43C;&#x430;&#x43D;&#x430;" &#x437;&#x456;&#x431;&#x440;&#x430;&#x43D;&#x43E; &#x441;&#x442;&#x430;&#x442;&#x442;&#x456; &#x43A;&#x440;&#x430;&#x454;&#x437;&#x43D;&#x430;&#x432;&#x446;&#x44F; &#x406;. &#x421;&#x43A;&#x440;&#x438;&#x43F;&#x43D;&#x438;&#x43A;&#x430; &#x43F;&#x440;&#x43E; &#x406;&#x432;&#x430;&#x43D;&#x430; &#x412;&#x438;&#x433;&#x43E;&#x432;&#x441;&#x44C;&#x43A;&#x43E;&#x433;&#x43E;, &#x44F;&#x43A;&#x438;&#x439; &#x441;&#x442;&#x430;&#x432; &#x433;&#x435;&#x442;&#x44C;&#x43C;&#x430;&#x43D;&#x43E;&#x43C; &#x423;&#x43A;&#x440;&#x430;&#x457;&#x43D;&#x438; &#x43F;&#x43E; &#x441;&#x43C;&#x435;&#x440;&#x442;&#x456; &#x411;&#x43E;&#x433;&#x434;&#x430;&#x43D;&#x430; &#x425;&#x43C;&#x435;&#x43B;&#x44C;&#x43D;&#x438;&#x446;&#x44C;&#x43A;&#x43E;&#x433;&#x43E; &#x439; &#x43E;&#x447;&#x43E;&#x43B;&#x438;&#x432; &#x437;&#x431;&#x440;&#x43E;&#x439;&#x43D;&#x443; &#x431;&#x43E;&#x440;&#x43E;&#x442;&#x44C;&#x431;&#x443; &#x43F;&#x440;&#x43E;&#x442;&#x438; &#x437;&#x430;&#x441;&#x438;&#x43B;&#x43B;&#x44F; &#x43C;&#x43E;&#x441;&#x43A;&#x43E;&#x432;&#x438;&#x442;&#x456;&#x432;, &#x43F;&#x435;&#x440;&#x435;&#x43C;&#x456;&#x433;&#x448;&#x438; &#x43F;&#x456;&#x434; &#x41A;&#x43E;&#x43D;&#x43E;&#x442;&#x43E;&#x43F;&#x43E;&#x43C; &#x457;&#x445;&#x43D;&#x454; 100-&#x442;&#x438;&#x441;&#x44F;&#x447;&#x43D;&#x435; &#x432;&#x456;&#x439;&#x441;&#x44C;&#x43A;&#x43E;. &#x423; &#x432;&#x438;&#x434;&#x430;&#x43D;&#x43D;&#x456; &#x432;&#x43C;&#x456;&#x449;&#x435;&#x43D;&#x43E; &#x442;&#x430;&#x43A;&#x43E;&#x436; &#x434;&#x43E;&#x441;&#x43B;&#x456;&#x434;&#x436;&#x435;&#x43D;&#x43D;&#x44F; &#x406;&#x432;&#x430;&#x43D;&#x430; &#x421;&#x43A;&#x440;&#x438;&#x43F;&#x43D;&#x438;&#x43A;&#x430; &#x43F;&#x440;&#x43E; &#x421;&#x43A;&#x438;&#x442; &#x41C;&#x430;&#x43D;&#x44F;&#x432;&#x441;&#x44C;&#x43A;&#x438;&#x439;, &#x434;&#x435;, &#x437;&#x430; &#x432;&#x435;&#x440;&#x441;&#x456;&#x454;&#x44E; &#x440;&#x44F;&#x434;&#x443; &#x432;&#x447;&#x435;&#x43D;&#x438;&#x445;, &#x43F;&#x43E;&#x445;&#x43E;&#x432;&#x430;&#x43D;&#x438;&#x439; &#x433;&#x435;&#x442;&#x44C;&#x43C;&#x430;&#x43D;, &#x430; &#x442;&#x430;&#x43A;&#x43E;&#x436; &#x43C;&#x430;&#x442;&#x435;&#x440;&#x456;&#x430;&#x43B;&#x438; &#x456;&#x43D;&#x448;&#x438;&#x445; &#x430;&#x432;&#x442;&#x43E;&#x440;&#x456;&#x432; &#x43F;&#x440;&#x43E; &#x406;&#x432;&#x430;&#x43D;&#x430; &#x412;&#x438;&#x433;&#x43E;&#x432;&#x441;&#x44C;&#x43A;&#x43E;&#x433;&#x43E;.
&#x41A;&#x43D;&#x438;&#x433;&#x430; &#x440;&#x43E;&#x437;&#x440;&#x430;&#x445;&#x43E;&#x432;&#x430;&#x43D;&#x430; &#x43D;&#x430; &#x432;&#x441;&#x456;&#x445;, &#x445;&#x442;&#x43E; &#x446;&#x456;&#x43A;&#x430;&#x432;&#x438;&#x442;&#x44C;&#x441;&#x44F; &#x456;&#x441;&#x442;&#x43E;&#x440;&#x456;&#x454;&#x44E; &#x423;&#x43A;&#x440;&#x430;&#x457;&#x43D;&#x438;, &#x43E;&#x441;&#x43E;&#x431;&#x43B;&#x438;&#x432;&#x43E; &#x442;&#x438;&#x43C;&#x438; &#x457;&#x457; &#x441;&#x442;&#x43E;&#x440;&#x456;&#x43D;&#x43A;&#x430;&#x43C;&#x438;, &#x44F;&#x43A;&#x456; &#x437;&#x430;&#x43C;&#x43E;&#x432;&#x447;&#x443;&#x432;&#x430;&#x43B;&#x438;&#x441;&#x44F; &#x430;&#x431;&#x43E; &#x433;&#x440;&#x443;&#x431;&#x43E; &#x43F;&#x435;&#x440;&#x435;&#x43A;&#x440;&#x443;&#x447;&#x443;&#x432;&#x430;&#x43B;&#x438;&#x441;&#x44F; &#x432; &#x447;&#x430;&#x441;&#x438; &#x43A;&#x43E;&#x43C;&#x443;&#x43D;&#x456;&#x441;&#x442;&#x438;&#x447;&#x43D;&#x43E;&#x433;&#x43E; &#x440;&#x435;&#x436;&#x438;&#x43C;&#x443;.</subfield>
  </datafield>
  <datafield tag="650" ind1=" " ind2=" ">
    <subfield code="a">94(477) &#x406;&#x441;&#x442;&#x43E;&#x440;&#x456;&#x44F; &#x423;&#x43A;&#x440;&#x430;&#x457;&#x43D;&#x438;</subfield>
    <subfield code="9">1446</subfield>
  </datafield>
  <datafield tag="942" ind1=" " ind2=" ">
    <subfield code="c">BK</subfield>
    <subfield code="2">udc</subfield>
  </datafield>
  <datafield tag="955" ind1=" " ind2=" ">
    <subfield code="a">4</subfield>
  </datafield>
  <datafield tag="999" ind1=" " ind2=" ">
    <subfield code="c">580679</subfield>
    <subfield code="d">580679</subfield>
  </datafield>
  <datafield tag="952" ind1=" " ind2=" ">
    <subfield code="0">0</subfield>
    <subfield code="1">0</subfield>
    <subfield code="2">udc</subfield>
    <subfield code="4">0</subfield>
    <subfield code="7">0</subfield>
    <subfield code="8">C_Shevchuk_V.</subfield>
    <subfield code="a">101</subfield>
    <subfield code="b">101</subfield>
    <subfield code="d">2026-05-08</subfield>
    <subfield code="e">&#x410;&#x43A;&#x442; &#x2116;24/28.04.2026</subfield>
    <subfield code="g">15.00</subfield>
    <subfield code="i">169919</subfield>
    <subfield code="l">0</subfield>
    <subfield code="o">94(477):929 &#x421;45</subfield>
    <subfield code="p">169919</subfield>
    <subfield code="r">2026-05-08 15:38:58</subfield>
    <subfield code="v">15.00</subfield>
    <subfield code="w">2026-05-08</subfield>
    <subfield code="y">BK</subfield>
    <subfield code="z">&#x417; &#x430;&#x432;&#x442;&#x43E;&#x433;&#x440;&#x430;&#x444;&#x43E;&#x43C; &#x430;&#x432;&#x442;&#x43E;&#x440;&#x430;</subfield>
  </datafield>
</record>
